Scrabble - Mot de 3 lettres - Statistiques

Statistiques générales
  • Ce quiz a été pris 777 fois
  • Le résultat moyen est 15 sur 62
Statistiques - réponses
1ère Lettre Mot de 3 lettres % Correct
J JEU
82%
Q QUE
67%
Q QUI
67%
J JET
62%
J JUS
60%
J JAR
53%
Z ZOO
46%
J JAN
44%
K KIT
44%
Z ZEN
41%
K KAT
40%
Y YEN
40%
K KAN
39%
J JAS
38%
J JAM
37%
K KIR
35%
J JAB
34%
K KEN
34%
K KAS
33%
K KET
32%
W WON
31%
Z ZUT
31%
K KOT
26%
K KIL
24%
Y YIN
23%
Z ZOU
23%
Q QAT
22%
W WUS
21%
Y YAK
21%
K KOP
19%
Z ZIP
19%
J JOB
18%
K KIP
18%
Z ZOE
18%
K KOI
17%
K KID
15%
K KIF
15%
Q QIN
14%
K KEA
13%
Z ZOB
12%
Y YET
11%
Z ZEE
11%
K KOB
10%
W WOK
10%
Y YAM
10%
Z ZIG
10%
W WAP
8%
W WEB
8%
Z ZUP
8%
W WAD
7%
W WAX
7%
Y YUE
7%
K KHI
6%
Z ZEC
6%
Z ZEF
6%
Z ZEK
6%
K KRU
5%
K KSI
5%
K KWA
4%
K KYU
3%
W WOH
3%
Y YOD
3%
Aucun quiz correspondant
Distribution des résultats
% des personnes avec chaque résultat
Percentile par nombre de réponses
Votre historique - résultats
Vous n’avez pas pris ce quiz